Star Trek Bunker Quiz Stats

 Plays Quiz not verified by Sporcle

Support Sporcle.
Go Orange.
Score 0/15 Timer 07:00
0 Plays Today
Question Answer % Correct
????
100%
????
79.1%
????
77.3%
????
68.5%
????
66%
????
55.3%
????
45.1%
????
31.6%
Question Answer % Correct
????
21.8%
????
20.2%
????
17.8%
????
13.8%
????
10.3%
????
6.5%
????
3.3%

You're not logged in!

Compare scores with friends on all Sporcle quizzes.
OR
Log In

From the Vault

Halloween Costumes (A-Z)

by timschurz

Now sure how easy it would be to throw these all together by tonight, but bonus points for trying!
Remove Ads.
Support Sporcle.
Get the best of Sporcle when you Go Orange. This ad-free experience offers more features, more stats, and more fun while also helping to support Sporcle. Thank you for becoming a member.

Show Comments

Extras

Top Quizzes Today


Score Distribution

Your Account Isn't Verified!

In order to create a playlist on Sporcle, you need to verify the email address you used during registration. Go to your Sporcle Settings to finish the process.

Report this User

Report this user for behavior that violates our Community Guidelines.

Details: